Представление документа в формате MARC21

Поле Инд. ПП Название Значение
Тип записи a
Библиографический уровень b
001 Контрольный номер DU/602784289
005 Дата корректировки 20250318111711.9
008 Кодируемые данные 20190124
040 b Код языка каталог. rus
e Правила каталог. PSBO
041 0_ a Код языка текста rus
084 a Индекс другой классификации/Индекс ББК 88.573
100 1_ a Автор Новиков А. В.
q Полное имя Новиков Алексей Валерьевич
100 1_ a Автор Лобачева Л. П.
q Полное имя Лобачева Людмила Петровна
100 1_ a Автор Кротова Д. Н.
q Полное имя Кротова Дарья Николаевна
245 10 a Заглавие Особенности социально-психологической адаптации несовершеннолетних в следственном изоляторе
504 a Библиография Библиогр.: с. 107
520 a Аннотация Процесс адаптации несовершеннолетних обвиняемых, содержащихся в СИЗО, начинается с момента поступления в учреждение и длится на протяжении всего периода заключения под стражу. Несовершеннолетние проходят его в три обязательных этапа: первоначальный - 1 месяц, последующий этап - 2-3 месяц и третий завершающий этап - 4-5 месяц. Авторами статьи приведены статистические данные Федеральной службы исполнения наказаний за последние 10 лет о численности данной категории лиц. Особое внимание уделено факторам, влияющим на личность и поведение подозреваемых, обвиняемых и осужденных несовешеннолетнего возраста. Описаны: основные задачи психологического сопровождения данной категории лиц; важнейшие элементы психолого-педагогического процесса в следственном изоляторе; передача информации сотрудникам воспитательных колоний о проводившейся с несовершеннолетними работе, а также результаты пенитенциарного воздействия
650 14 a Основная рубрика психология
a Основная рубрика юридическая психология
653 a Ключевые слова воспитательные колонии
a Ключевые слова несовершеннолетние
a Ключевые слова несовершеннолетние правонарушители
a Ключевые слова несовершеннолетние преступники
a Ключевые слова осужденные
a Ключевые слова подозреваемый
a Ключевые слова следственный изолятор
a Ключевые слова социально-психологическая адаптация
773 08 t Заглавие источника Психология. Историко-критические обзоры и современные исследования
d Дата издания источника 2018
g Прочая информация Т. 7, № 1А. - С. 102 - 108
w Контрольный № источника DU/598461108
901 t Тип документа b